All Lumineers Songs - Statistics

General Stats
  • This quiz has been taken 73 times
  • The average score is 25 of 84
Answer Stats
Album Answer % Correct
Cleopatra Cleopatra
96%
Automatic Asshole
83%
The Lumineers Ho Hey
83%
The Lumineers Stubborn Love
83%
Cleopatra Angela
79%
Brightside BRIGHTSIDE
79%
Cleopatra Ophelia
75%
The Lumineers Flowers In Your Hair
71%
The Lumineers Dead Sea
67%
Cleopatra Sleep On The Floor
67%
Brightside A.M. RADIO
63%
III Gloria
63%
Automatic Automatic
58%
III Donna
58%
Cleopatra Gale Song
58%
Brightside REPRISE
50%
Automatic Ativan
46%
The Lumineers Big Parade
46%
The Lumineers Charlie Boy
46%
The Lumineers Submarines
46%
Brightside WHERE WE ARE
46%
Brightside BIRTHDAY
42%
Automatic Keys on the Table
42%
III Leader Of The Landslide
42%
III Life In The City
42%
Automatic Same Old Song
42%
Cleopatra Where The Skies Are Blue
42%
The Lumineers Classy Girls
38%
The Lumineers Flapper Girl
38%
Cleopatra Gun Song
38%
III My Cell
38%
III Salt And The Sea
38%
The Lumineers Slow It Down
38%
Cleopatra Patience
33%
Automatic Sunflowers
33%
Cleopatra My Eyes
29%
Automatic Plasticine
29%
Single Spotless
29%
III April
25%
Cleopatra In The Light
25%
III It Wasn't Easy To Be Happy For You
25%
Cleopatra Long Way From Home
25%
Brightside REMINGTON
25%
Automatic You're All I Got
25%
Automatic Better Day
21%
III Democracy
21%
III Jimmy Sparks
21%
Single/Cover Walls
21%
Brightside BIG SHOT
17%
The Lumineers Darlene
17%
brightside bonus tracks just like heaven
17%
III Left For Denver
17%
The Lumineers Morning Song
17%
Single Nobody Knows
17%
Brightside ROLLERCOASTER
17%
Automatic Strings
17%
Cleopatra White Lie
17%
The Lumineers Elouise
13%
C-Sides Scotland
13%
Automatic So Long
13%
The Lumineers Ain't Nobody's Problem
8%
Single/Cover A Song For You
8%
Cleopatra Everyone Requires A Plan
8%
Brightside NEVER REALLY MINE
8%
III Old Lady
8%
Cleopatra Sick In The Head
8%
III Soundtrack Song
8%
The Lumineers This Must Be The Place
8%
Single/Cover Caves
4%
C-Sides For Fra
4%
Single/Cover Sugar Mountain
4%
C-Sides Visions Of China
4%
brightside bonus tracks a little sound
0%
Single/Cover Blue Christmas
0%
Single/Cover Boots Of Spanish Leather
0%
Single/Cover Christmas (Baby Please Come Home)
0%
Single/Cover Deck The Halls
0%
Single/Cover Have You Ever Seen The Rain
0%
Single Long Way To Go
0%
Single/Cover Pretty Paper
0%
Single/Cover Shout (The Institute Theme Song)
0%
Single/Cover Silent Night
0%
Single/Cover Subterranean Homesick Blues
0%
Single/Cover This Is Life (Merry Christmas)
0%
No matching quizzes found
Score Distribution
Percent of People with Each Score
Percentile by Number Answered
Your Score History
You have not taken this quiz